000
00298nam a2200109Ia 4500
008
200302s9999 xx 000 0 und d
100
_a
Camillo Sitte
245
_a
Camillo Sitte The Birth of Modern City Planning
260
_b
Dover Publication Inc mineola /New Yark
260
_c
1986
300
_a
440
999
_c
5255
_d
5255